Forty years in the land of tomorrow / (Record no. 4153)

MARC details
000 -LEADER
fixed length control field 01033nam a2200217 a 4500
003 - CONTROL NUMBER IDENTIFIER
control field PILC
005 - DATE AND TIME OF LATEST TRANSACTION
control field 20241119140202.0
008 - FIXED-LENGTH DATA ELEMENTS--GENERAL INFORMATION
fixed length control field 071116s1946 xx 00 eng d
010 ## - LIBRARY OF CONGRESS CONTROL NUMBER
LC control number Acc#11425
040 ## - CATALOGING SOURCE
Transcribing agency Philippine Baptist Theological Seminary
050 ## - LIBRARY OF CONGRESS CALL NUMBER
Classification number BV 2807
Item number D48 1946
100 10 - MAIN ENTRY--PERSONAL NAME
Personal name Deter, Arthur B.
245 10 - TITLE STATEMENT
Title Forty years in the land of tomorrow /
Statement of responsibility, etc. by Arthur B. Deter.
260 0# - PUBLICATION, DISTRIBUTION, ETC (IMPRINT)
Place of publication, distribution, etc. Nashville, TN :
Name of publisher, distributor, etc. Broadman Press,
Date of publication, distribution, etc. c1946.
300 ## - PHYSICAL DESCRIPTION
Extent 207 p. ; 20 cm.
505 ## - FORMATTED CONTENTS NOTE
Formatted contents note The heart of missions -- The open door -- Some beginnings -- Amusing incidents, customs, and superstitions -- Some hard battles -- Heroes and martyrs -- Seekers after God -- A Baptist valley among the hills -- The word of God, the hope of Brazil -- Changed lives -- Valley of the shadow -- The great physician -- Midnight above the clouds -- A new method of evangelization -- Some experiences -- Building a new world --
650 ## - SUBJECT ADDED ENTRY--TOPICAL TERM
Topical term or geographic name as entry element MISSIONARIES
General subdivision BIOGRAPHY
650 ## - SUBJECT ADDED ENTRY--TOPICAL TERM
Topical term or geographic name as entry element MISSIONS
General subdivision BRAZIL
650 #4 - SUBJECT ADDED ENTRY--TOPICAL TERM
Topical term or geographic name as entry element MISSIONS
General subdivision STORIES
942 ## - ADDED ENTRY ELEMENTS (KOHA)
Koha item type Circulation Books
Source of classification or shelving scheme Library of Congress Classification
Holdings
Withdrawn status Lost status Source of classification or shelving scheme Damaged status Not for loan Home library Current library Shelving location Date acquired Cost, normal purchase price Total Checkouts Full call number Barcode Date last seen Price effective from Koha item type
    Dewey Decimal Classification     PBTS Library PBTS Library Circulation Section 11/16/2007 8.00   BV 2807 D48 1946 11425 03/18/2026 04/02/2015 Circulation Books

Philippine Baptist Theological Seminary | 19 Tacay Road, Central Guisad, Baguio City 2600, Philippines